Becoming Barack : (Record no. 165875)

MARC details
000 -LEADER
fixed length control field 00520ngm a2200181 i 4500
001 - CONTROL NUMBER
control field C2-0302114
003 - CONTROL NUMBER IDENTIFIER
control field PPAK
005 - DATE AND TIME OF LATEST TRANSACTION
control field 20180727220231.0
008 - FIXED-LENGTH DATA ELEMENTS--GENERAL INFORMATION
fixed length control field 100110s2009 xxu|||| ||||| | vleng d
040 ## - CATALOGING SOURCE
Original cataloging agency PPAK
Language of cataloging eng
Transcribing agency PPAK
Description conventions rda
245 00 - TITLE STATEMENT
Title Becoming Barack :
Remainder of title Evolution of a Leader
264 #1 - PRODUCTION, PUBLICATION, DISTRIBUTION, MANUFACTURE, AND COPYRIGHT NOTICE
Place of production, publication, distribution, manufacture United States of America :
Name of producer, publisher, distributor, manufacturer Little Dizzy Home Video ,
Date of production, publication, distribution, manufacture, or copyright notice 2009
336 ## - CONTENT TYPE
Source rdacontent
Content type term text
337 ## - MEDIA TYPE
Source rdamedia
Media type term unmediated
338 ## - CARRIER TYPE
Source rdacarrier
Carrier type term volume
700 0# - ADDED ENTRY--PERSONAL NAME
Personal name Darren Mann,
Relator term editor
942 ## - ADDED ENTRY ELEMENTS (KOHA)
Source of classification or shelving scheme Dewey Decimal Classification
Koha item type Digital Video Disc
Holdings
Withdrawn status Lost status Source of classification or shelving scheme Damaged status Not for loan Home library Current library Shelving location Date acquired Source of acquisition Cost, normal purchase price Total Checkouts Full call number Barcode Date last seen Price effective from Koha item type
    Dewey Decimal Classification   Not For Loan Perpustakaan Alor Setar Perpustakaan Alor Setar Rujukan American Corner 01/12/2010 SPEE 0.00   RLCK 973.93092 BEC A00816094 05/07/2018 05/07/2018 Digital Video Disc
    Dewey Decimal Classification   Not For Loan Perpustakaan Alor Setar Perpustakaan Alor Setar Rujukan American Corner 10/01/2010 LRC 0.00   RLCK 973.93092 BEC A00862416 05/07/2018 05/07/2018 Digital Video Disc